00465cam a2200157 a 450000100100000000500170001000800410002704000250006808200180009310000340011124500410014526000520018630000210023865000230025965000250028200000906720200929161458.0810320s1964 ag 000 j spa d aDO-SdBNPbspacBNPHU aA863.4bC827f1 aCortázar, Julio,d1914-198410aFinal del juego /cJulio Cortázar. aBuenos Aires, Argentina :bSudamericana,c1964. a195 p. ;c19 cm. 4aCuentos argentinos 4aLiteratura argentina